Saunders, Pocket Essentials of Clinical Medicine (Record no. 8991)
[ view plain ]
| 000 -LEADER | |
|---|---|
| fixed length control field | 00416nam a22001457a 4500 |
| 020 ## - INTERNATIONAL STANDARD BOOK NUMBER | |
| International Standard Book Number | 0-702022896 |
| 082 ## - DEWEY DECIMAL CLASSIFICATION NUMBER | |
| Classification number | 616 |
| Author Mark | BAL |
| 100 ## - MAIN ENTRY--PERSONAL NAME | |
| Author Name | Anne Ballinger, Stephen Patchett |
| 245 ## - TITLE STATEMENT | |
| Title | Saunders, Pocket Essentials of Clinical Medicine |
| 260 ## - PUBLICATION, DISTRIBUTION, ETC. | |
| Place of publication, distribution, etc. | Edinburgh |
| Name of publisher, distributor, etc. | W.B. Saunders |
| Date of publication, distribution, etc. | 2000 |
| 300 ## - PHYSICAL DESCRIPTION | |
| No of Pages | 736 |
| illustrations | ill |
| 440 ## - SERIES STATEMENT/ADDED ENTRY--TITLE | |
| Title | Saunders, Pocket Essentials of Clinical Medicine |
| 650 ## - SUBJECT ADDED ENTRY--TOPICAL TERM | |
| Subject | Medicine |
| 942 ## - ADDED ENTRY ELEMENTS (KOHA) | |
| Source of classification or shelving scheme | |
| Koha item type | Books |
| 952 ## - LOCATION AND ITEM INFORMATION (KOHA) | |
| -- | 2018-10-25 |
| Item status | Home library | Current library | Shelving location | Date acquired | Total Checkouts | Full call number | Barcode | Date last seen | Koha item type | Source of acquisition |
|---|---|---|---|---|---|---|---|---|---|---|
| Islamabad Medical and Dental College | Islamabad Medical and Dental College | Islamabad Medical and Dental College | 16/03/2018 | 616 BAL | 4298 | 16/03/2018 | Books | |||
| Islamabad Medical and Dental College | Islamabad Medical and Dental College | Islamabad Medical and Dental College | 16/03/2018 | 616 BAL | 4304 | 16/03/2018 | Books | |||
| Islamabad Medical and Dental College | Islamabad Medical and Dental College | Islamabad Medical and Dental College | 16/03/2018 | 616 BAL | 4308 | 16/03/2018 | Books | |||
| Islamabad Medical and Dental College | Islamabad Medical and Dental College | Islamabad Medical and Dental College | 16/03/2018 | 616 BAL | 4309 | 16/03/2018 | Books | |||
| Damage { Not Available } | Islamabad Medical and Dental College | Islamabad Medical and Dental College | Islamabad Medical and Dental College | 16/03/2018 | 616 BAL | 4311 | 16/03/2018 | Books | ||
| Islamabad Medical and Dental College | Islamabad Medical and Dental College | Islamabad Medical and Dental College | 16/03/2018 | 616 BAL | 4321 | 16/03/2018 | Books | |||
| Islamabad Medical and Dental College | Islamabad Medical and Dental College | Islamabad Medical and Dental College | 25/10/2018 | 616 BAL | G-109 | 25/10/2018 | Books | Gifted by Dr. Ghulam Akber Niazi Chairman IMDC |
